Catálogo

ANESTESIA ODONTOLOGICA (Registro nro. 6048)

Detalles MARC
000 -LEADER
fixed length control field 00503nam a2200193 a 4500
001 - CONTROL NUMBER
control field 6048
005 - DATE AND TIME OF LATEST TRANSACTION
control field 20230414123546.0
008 - FIXED-LENGTH DATA ELEMENTS--GENERAL INFORMATION
fixed length control field 140415s1982 000 0 spa d
041 ## - LANGUAGE CODE
Language code of text/sound track or separate title spa
082 ## - DEWEY DECIMAL CLASSIFICATION NUMBER
Classification number 617.9676
Item number JOR
100 1# - MAIN ENTRY--PERSONAL NAME
Personal name JORGENSEN, NIELS BJORN
245 10 - TITLE STATEMENT
Title ANESTESIA ODONTOLOGICA
250 ## - EDITION STATEMENT
Edition statement 2a ed.
260 ## - PUBLICATION, DISTRIBUTION, ETC.
Place of publication, distribution, etc. [s.l.] :
Name of publisher, distributor, etc. NUEVA EDITORIAL INTERAMERICANA,
Date of publication, distribution, etc. 1982
300 ## - PHYSICAL DESCRIPTION
Extent 270
650 14 - SUBJECT ADDED ENTRY--TOPICAL TERM
Topical term or geographic name entry element ANESTESIA EN ODONTOLOGIA
700 1# - ADDED ENTRY--PERSONAL NAME
Personal name MERIGO, JORGE A.
Relator term tr.
700 1# - ADDED ENTRY--PERSONAL NAME
Personal name HAYDEN, JESS
Relator term coaut.
Existencias
Withdrawn status Lost status Source of classification or shelving scheme Damaged status Not for loan Collection code Home library Current library Shelving location Date acquired Source of acquisition Inventory number Total Checkouts Total Renewals Full call number Barcode Date last seen Date last checked out Price effective from Koha item type
    Dewey Decimal Classification     General Biblioteca Karol Wojtyla Biblioteca Karol Wojtyla Sala general 03/12/2013 Compra 151000000000000000007477 3 1 617.9676 JOR 3045 05/01/2026 21/01/2022 03/12/2013 Libro
    Dewey Decimal Classification     General Biblioteca Karol Wojtyla Biblioteca Karol Wojtyla Sala general 03/12/2013 Compra 151000000000000000007476 2 1 617.9676 JOR 1827 05/01/2026 21/01/2022 03/12/2013 Libro